Физические и другие аспекты запаха; Исследования молодых - регионам; Т. 1

Bibliografske podrobnosti
Parent link:Исследования молодых - регионам: сборник трудов I Всероссийской научно-практической конференции, 29-31 марта 2011 г., г. Томск/ Национальный исследовательский Томский политехнический университет (ТПУ), Новокузнецкий филиал (НФ); под ред. С. И. Каковихиной.— , 2011
Т. 1.— 2011.— C. 214-215
Glavni avtor: Деревянникова Е. А.
Drugi avtorji: Пономарева В. В. (научный руководитель), Красилов Ю. П.
Jezik:ruščina
Izdano: 2011
Serija:Прикладные исследования в предметных областях знаний (физика, химия)
Teme:
Format: Book Chapter
KOHA link:https://koha.lib.tpu.ru/cgi-bin/koha/opac-detail.pl?biblionumber=248568

MARC

LEADER 00000naa2a2200000 4500
001 248568
005 20231031212532.0
035 |a (RuTPU)RU\TPU\book\270388 
035 |a RU\TPU\book\270382 
090 |a 248568 
100 |a 20140123d2011 k y0rusy50 ca 
101 0 |a rus 
102 |a RU 
200 1 |a Физические и другие аспекты запаха  |f Е. А. Деревянникова, В. В. Пономарева  |g науч. рук. Ю. П. Красилов 
225 1 |a Прикладные исследования в предметных областях знаний (физика, химия) 
461 1 |0 (RuTPU)RU\TPU\book\251726  |t Исследования молодых - регионам  |o сборник трудов I Всероссийской научно-практической конференции, 29-31 марта 2011 г., г. Томск  |f Национальный исследовательский Томский политехнический университет (ТПУ), Новокузнецкий филиал (НФ); под ред. С. И. Каковихиной  |d 2011 
463 0 |0 (RuTPU)RU\TPU\book\250366  |y 978-5-98298-906-2  |t Т. 1  |v C. 214-215  |d 2011  |p 340 с. 
610 1 |a физические аспекты 
610 1 |a запахи 
610 1 |a обоняние 
610 1 |a молекулы 
610 1 |a воздух 
610 1 |a ароматерапия 
700 1 |a Деревянникова  |b Е. А. 
701 1 |a Пономарева  |b В. В. 
702 1 |a Красилов  |b Ю. П.  |4 727 
801 1 |a RU  |b 63413507  |c 20131111 
801 2 |a RU  |b 63413507  |c 20140123  |g RCR 
942 |c BK